Modern Economics: An Introduction for Business and Professional Students. (Record no. 381)

MARC details
005 - DATE AND TIME OF LATEST TRANSACTION
control field 20250620145341.0
020 ## - INTERNATIONAL STANDARD BOOK NUMBER
International Standard Book Number 0-333-34146-5
082 ## - DEWEY DECIMAL CLASSIFICATION NUMBER
Classification number 330 HAR
100 ## - MAIN ENTRY--PERSONAL NAME
Author name HARVEY, J.
245 ## - TITLE STATEMENT
Title Modern Economics: An Introduction for Business and Professional Students.
250 ## - EDITION STATEMENT
Edition statement 4th Ed.
260 ## - PUBLICATION, DISTRIBUTION, ETC.
Place of publication, distribution, etc. London,
Name of publisher, distributor, etc. MacMillan Publishers Ltd,
Date of publication, distribution, etc. 1969.
300 ## - PHYSICAL DESCRIPTION
Extent xxiii, 547p.: ill.; figure, table
Other physical details Index
Dimensions 22cm
942 ## - ADDED ENTRY ELEMENTS (KOHA)
Source of classification or shelving scheme Dewey Decimal Classification
Koha item type Books
Holdings
Date last seen Total checkouts Full call number Barcode Cost, replacement price Price effective from Koha item type Lost status Source of classification or shelving scheme Damaged status Not for loan Withdrawn status Home library Current library Shelving location Date acquired Cost, normal purchase price
03/11/2025   330 HAR 0000001270 90000.00 03/11/2025 Books   Dewey Decimal Classification       College of Business Education Main Library College of Business Education Main Library General Collection 03/11/2025 30000.00
03/11/2025   330 HAR 0000001271 90000.00 03/11/2025 Books   Dewey Decimal Classification       College of Business Education Main Library College of Business Education Main Library General Collection 03/11/2025 30000.00
03/11/2025   330 HAR 0000001275 90000.00 03/11/2025 Books   Dewey Decimal Classification       College of Business Education Main Library College of Business Education Main Library General Collection 03/11/2025 30000.00